000 01503cam a2200361 i 4500
001 16888699
003 EG-ScBUE
005 20241021092858.0
008 110725s2011 enka f b 001 0 eng d
020 _a0521176832
020 _a9780521176835
040 _aDLC
_beng
_erda
_cDLC
_dDLC
_dEG-ScBUE
082 0 4 _a515.723
_bJAM
_222
100 1 _aJames, J. F.
_q(John Francis)
_eauthor.
_929606
245 1 2 _aA student's guide to fourier transforms :
_bwith applications in physics and engineering /
_cJ.F. James.
250 _aThird edition.
264 1 _aCambridge ;
_aNew York :
_bCambridge University Press,
_c2011.
300 _axiii, 146 pages :
_billustrations ;
_c24 cm
336 _2rdacontent
_atext
_btxt
337 _aunmediated
_2rdamedia
_bn
338 _avolume
_bnc
_2rdacarrier
504 _aIncludes bibliographical references and index.
650 7 _aFourier transformations.
_2BUEsh
_929607
650 7 _aMathematical physics.
_2BUEsh
_929608
650 7 _aEngineering mathematics.
_2BUEsh
_929609
653 _cApril2012
856 4 2 _3Contributor biographical information
_uhttp://www.loc.gov/catdir/enhancements/fy1114/2011287091-b.html
856 4 2 _3Publisher description
_uhttp://www.loc.gov/catdir/enhancements/fy1114/2011287091-d.html
856 4 1 _3Table of contents only
_uhttp://www.loc.gov/catdir/enhancements/fy1114/2011287091-t.html
942 _2ddc
_cBB
999 _c16638
_d16638